000 00612nam a2200241Ia 4500
003 OSt
005 20221007080238.0
006 a|||||r|||| 00| 0
007 ta
008 221006b |||||||| |||| 00| 0 eng d
024 _a11,180
037 _cTextual
040 _aFLL
_cFLL
_beng
041 _2eng
_aeng
082 _aT4.2.N64t, K5
110 _aGovt. of India
245 0 _aStandards of University education
260 _aNew Delhi
_bU.G.C. India
_c1965
300 _a282p
_ccm.
700 _aGovt. of India
942 _hT4.2.N64t, K5
_cTEXL
_2CC
999 _c1158818
_d1158818